| 000 | 00548nam a2200181 4500 | ||
|---|---|---|---|
| 005 | 20250502102445.0 | ||
| 010 | _aENG-144549 | ||
| 020 |
_a9788196872243 _c995.00 |
||
| 035 | _aEN-128081 | ||
| 037 | _bDBAD | ||
| 082 | _a320.954 | ||
| 245 |
_aINDIA'S G2 LEGACY: _bShaping a New World Order/ _cManish Chand |
||
| 250 | _a1st | ||
| 260 |
_aNew Delhi _bPentagon Press Llp _c2024 |
||
| 270 |
_a206, Peacock Lane, Shahpur Jat _bNew Delhi _e110049 _k011-64706243 |
||
| 300 |
_a210p. _c24cm(hbk) |
||
| 942 |
_2ddc _cEN _mCHA _h320.954 _e1st |
||
| 999 |
_c210901 _d210901 |
||